|
|
|
|
| LEADER |
00000nab a2200000 ar4500 |
| 001 |
vtls008836192 |
| 003 |
SK-MaSNL |
| 005 |
20260426072720.0 |
| 008 |
060804c2006 xo wr|p|||||||000 b|slo |
| 015 |
|
|
|a SNBRB2006/08
|2 snkbucl
|
| 040 |
|
|
|a SNKBUCL
|b slo
|c SNKBUCL
|e AACR2
|
| 041 |
0 |
|
|a slo
|
| 044 |
|
|
|a xo
|c SK
|
| 080 |
|
|
|a 329.3:27
|x (437.6)
|b KDH
|2 2001
|
| 100 |
1 |
|
|a Žitný, Milan,
|d 1952-
|4 aut
|9 107361
|
| 245 |
1 |
0 |
|a Kam sa terigá KDH?
|b snem má potvrdiť Hrušovského chromé krídlo
|c Milan Žitný
|
| 300 |
|
|
|b Fotogr.
|
| 610 |
2 |
7 |
|a Kresťanskodemokratické hnutie (politická strana)
|2 snkbucl
|9 34649
|
| 650 |
0 |
7 |
|a politika
|2 snkbucl
|9 968
|
| 651 |
|
7 |
|a Slovensko
|2 snkbucl
|9 14231
|
| 773 |
0 |
|
|t Domino fórum
|g Roč. XV, č. 29 (2006), s. 2
|x 1335-4426
|
| 852 |
|
|
|a SNK
|b KIS3GCP
|
| 958 |
|
|
|a SK
|
| 999 |
|
|
|c 2691413
|d 2693343
|